| 000 | 00576nam a22001697a 4500 | ||
|---|---|---|---|
| 008 | 200907b xxu||||| |||| 00| 0 eng d | ||
| 020 | _a0024278106 | ||
| 040 |
_alcc _cTeau |
||
| 050 |
_aREF PN 6014 _b.L615 1988 |
||
| 100 |
_aWilkie Brian. _dc1988. _92919 |
||
| 245 |
_aLiterature of the Western World: _bNeoclassicism Through the Modern Period/ _cBrian Wilkie and James Hurt. |
||
| 250 | _a2nd ed. | ||
| 260 |
_aNewYork: _bMacmillan Publishing Company, _cc1988. |
||
| 300 |
_axxiv,2328p.; _c15cm. |
||
| 500 | _aIncludes index and bibliographical references. | ||
| 942 |
_2lcc _cBKS |
||
| 999 |
_c1101 _d1101 |
||